<?xml version="1.0" encoding="UTF-8"?>
<collection xmlns="http://www.loc.gov/MARC21/slim">
 <record>
  <leader>02430cam a2200505  b4500</leader>
  <controlfield tag="001">1384012109</controlfield>
  <controlfield tag="003">DE-627</controlfield>
  <controlfield tag="005">20240312183303.0</controlfield>
  <controlfield tag="007">tu</controlfield>
  <controlfield tag="008">091204s2009    gw |||||      00| ||ger c</controlfield>
  <datafield tag="015" ind1=" " ind2=" ">
   <subfield code="a">09,N44,1033</subfield>
   <subfield code="2">dnb</subfield>
  </datafield>
  <datafield tag="016" ind1="7" ind2=" ">
   <subfield code="a">997398531</subfield>
   <subfield code="2">DE-101</subfield>
  </datafield>
  <datafield tag="020" ind1=" " ind2=" ">
   <subfield code="a">9783770813322</subfield>
   <subfield code="c">LEINEN. : EUR 36.00, sfr 63.40 (freier Pr.)</subfield>
   <subfield code="9">978-3-7708-1332-2</subfield>
  </datafield>
  <datafield tag="024" ind1="3" ind2=" ">
   <subfield code="a">9783770813322</subfield>
  </datafield>
  <datafield tag="035" ind1=" " ind2=" ">
   <subfield code="a">(DE-627)1384012109</subfield>
  </datafield>
  <datafield tag="035" ind1=" " ind2=" ">
   <subfield code="a">(DE-576)314012109</subfield>
  </datafield>
  <datafield tag="035" ind1=" " ind2=" ">
   <subfield code="a">(DE-599)DNB997398531</subfield>
  </datafield>
  <datafield tag="035" ind1=" " ind2=" ">
   <subfield code="a">(OCoLC)696021346</subfield>
  </datafield>
  <datafield tag="035" ind1=" " ind2=" ">
   <subfield code="a">(OCoLC)696021346</subfield>
  </datafield>
  <datafield tag="040" ind1=" " ind2=" ">
   <subfield code="a">DE-627</subfield>
   <subfield code="b">ger</subfield>
   <subfield code="c">DE-627</subfield>
   <subfield code="e">rakwb</subfield>
  </datafield>
  <datafield tag="041" ind1=" " ind2=" ">
   <subfield code="a">ger</subfield>
  </datafield>
  <datafield tag="044" ind1=" " ind2=" ">
   <subfield code="c">XA-DE-HE</subfield>
  </datafield>
  <datafield tag="082" ind1="0" ind2="4">
   <subfield code="a">740</subfield>
  </datafield>
  <datafield tag="084" ind1=" " ind2=" ">
   <subfield code="a">9,10</subfield>
   <subfield code="a">1</subfield>
   <subfield code="2">ssgn</subfield>
  </datafield>
  <datafield tag="084" ind1=" " ind2=" ">
   <subfield code="a">PY 680</subfield>
   <subfield code="2">rvk</subfield>
   <subfield code="0">(DE-625)rvk/141102:</subfield>
  </datafield>
  <datafield tag="245" ind1="1" ind2="4">
   <subfield code="a">Der Buchschmuck des Codex Eberhardi</subfield>
   <subfield code="c">Heinrich Meyer zu Ermgassen</subfield>
  </datafield>
  <datafield tag="264" ind1=" " ind2="1">
   <subfield code="a">Marburg</subfield>
   <subfield code="b">Elwert</subfield>
   <subfield code="c">2009</subfield>
  </datafield>
  <datafield tag="300" ind1=" " ind2=" ">
   <subfield code="a">VIII, 374 S.</subfield>
   <subfield code="b">zahlr. Ill.</subfield>
  </datafield>
  <datafield tag="336" ind1=" " ind2=" ">
   <subfield code="a">Text</subfield>
   <subfield code="b">txt</subfield>
   <subfield code="2">rdacontent</subfield>
  </datafield>
  <datafield tag="337" ind1=" " ind2=" ">
   <subfield code="a">ohne Hilfsmittel zu benutzen</subfield>
   <subfield code="b">n</subfield>
   <subfield code="2">rdamedia</subfield>
  </datafield>
  <datafield tag="338" ind1=" " ind2=" ">
   <subfield code="a">Band</subfield>
   <subfield code="b">nc</subfield>
   <subfield code="2">rdacarrier</subfield>
  </datafield>
  <datafield tag="490" ind1="1" ind2=" ">
   <subfield code="a">Der Codex Eberhardi des Klosters Fulda / hrsg. von Heinrich Meyer zu Ermgassen</subfield>
   <subfield code="v">Bd. 4</subfield>
  </datafield>
  <datafield tag="490" ind1="1" ind2=" ">
   <subfield code="a">Veröffentlichungen der Historischen Kommission für Hessen</subfield>
   <subfield code="v">58,4</subfield>
  </datafield>
  <datafield tag="583" ind1="1" ind2=" ">
   <subfield code="a">Archivierung/Langzeitarchivierung gewährleistet</subfield>
   <subfield code="f">SSG</subfield>
   <subfield code="2">pdager</subfield>
   <subfield code="5">DE-21</subfield>
  </datafield>
  <datafield tag="583" ind1="1" ind2=" ">
   <subfield code="a">Archivierung/Langzeitarchivierung gewährleistet</subfield>
   <subfield code="f">SSG</subfield>
   <subfield code="x">XA-DE-BW</subfield>
   <subfield code="2">pdager</subfield>
   <subfield code="5">DE-16</subfield>
  </datafield>
  <datafield tag="700" ind1="1" ind2=" ">
   <subfield code="a">Meyer zu Ermgassen, Heinrich</subfield>
   <subfield code="d">1938-</subfield>
   <subfield code="0">(DE-588)1053435274</subfield>
   <subfield code="0">(DE-627)790064022</subfield>
   <subfield code="0">(DE-576)409189294</subfield>
   <subfield code="4">oth</subfield>
  </datafield>
  <datafield tag="787" ind1="0" ind2="8">
   <subfield code="i">Rezensiert in</subfield>
   <subfield code="a">Ehlers, Caspar, 1964 - </subfield>
   <subfield code="t">[Rezension von: Heinrich Meyer zu Ermgassen, Der Buchschmuck des Codex Eberhardi]</subfield>
   <subfield code="d">2011</subfield>
   <subfield code="w">(DE-627)174633536X</subfield>
  </datafield>
  <datafield tag="810" ind1="2" ind2=" ">
   <subfield code="a">Historische Kommission für Hessen</subfield>
   <subfield code="t">Veröffentlichungen der Historischen Kommission für Hessen</subfield>
   <subfield code="v">58</subfield>
   <subfield code="9">58,4</subfield>
   <subfield code="w">(DE-627)129331384</subfield>
   <subfield code="w">(DE-576)01458963X</subfield>
   <subfield code="w">(DE-600)135252-0</subfield>
   <subfield code="x">0342-2194</subfield>
   <subfield code="7">ns</subfield>
  </datafield>
  <datafield tag="830" ind1=" " ind2="4">
   <subfield code="a">Der Codex Eberhardi des Klosters Fulda</subfield>
   <subfield code="v">4</subfield>
   <subfield code="9">4</subfield>
   <subfield code="w">(DE-627)1116368145</subfield>
   <subfield code="w">(DE-576)046368140</subfield>
   <subfield code="7">nm</subfield>
  </datafield>
  <datafield tag="856" ind1="4" ind2="2">
   <subfield code="u">http://d-nb.info/997398531/04</subfield>
   <subfield code="m">B:DE-101</subfield>
   <subfield code="q">application/pdf</subfield>
   <subfield code="3">Inhaltsverzeichnis</subfield>
  </datafield>
  <datafield tag="935" ind1=" " ind2=" ">
   <subfield code="a">mteo</subfield>
  </datafield>
  <datafield tag="936" ind1="r" ind2="v">
   <subfield code="a">PY 680</subfield>
   <subfield code="b">Geschichte einzelner Klöster und Stifte</subfield>
   <subfield code="k">Rechtswissenschaft</subfield>
   <subfield code="k">Historische Kanonistik</subfield>
   <subfield code="k">Geschichte der Institutionen des Kirchenrechts</subfield>
   <subfield code="k">Geschichte einzelner Klöster und Stifte</subfield>
   <subfield code="0">(DE-627)1271788780</subfield>
   <subfield code="0">(DE-625)rvk/141102:</subfield>
   <subfield code="0">(DE-576)201788780</subfield>
  </datafield>
  <datafield tag="951" ind1=" " ind2=" ">
   <subfield code="a">MV</subfield>
  </datafield>
  <datafield tag="991" ind1=" " ind2=" ">
   <subfield code="a">Rezensiertes Werk</subfield>
  </datafield>
  <datafield tag="999" ind1=" " ind2=" ">
   <subfield code="a">KXP-PPN1384012109</subfield>
   <subfield code="e">402088143X</subfield>
  </datafield>
 </record>
</collection>
